Recrear la realidad: la irrupción del cine etnográfico en la academia (Record no. 181765)

MARC details
000 -CABECERA
campo de control de longitud fija 01451nab a2200277 a 4500
005 - FECHA Y HORA DE LA ÚLTIMA TRANSACCIÓN
campo de control 20250619063855.0
008 - ELEMENTOS DE LONGITUD FIJA--INFORMACIÓN GENERAL
campo de control de longitud fija 991125c2014 mx tr p o 000 0 spa d
035 ## - NÚMERO DE CONTROL DEL SISTEMA
Número de control de sistema UPN01000209664
040 ## - FUENTE DE LA CATALOGACIÓN
Centro catalogador/agencia de origen MX-MxUPN
Lengua de catalogación spa
Centro/agencia transcriptor MX-MxUPN
Normas de descripción aacr2
049 ## - COLECCIÓN
Colección ART-E
100 1# - ASIENTO PRINCIPAL--NOMBRE PERSONAL
Nombre de persona González Abrisketa, Olatz
100 1# - ASIENTO PRINCIPAL--NOMBRE PERSONAL
Filiación olatz.gonzalez@gmail.com
245 10 - MENCIÓN DE TÍTULO
Título Recrear la realidad: la irrupción del cine etnográfico en la academia
506 0# - NOTA DE RESTRICCIONES AL ACCESO
Limitaciones de acceso Acceso abierto
520 3# - NOTA DE RESUMEN, ETC.
Sumario, etc. Este artículo plantea la irrupción del cine etnográfico en la academia como un revulsivo epistemológico para la antropología e intenta identificar las resistencias a una realización cinematográfica de calidad encuadrada en esta disciplina. Apoyándose en la duración bergsoniana, defiende que el cine etnográfico debe anteponer lo específico de la creación cinematográfica a toda pretensión pedagógica o demostrativa. En definitiva, considera que debe anteponer la realidad a la búsqueda de sentido.
650 #2 - ASIENTO SECUNDARIO DE MATERIA - TERMINO TEMATICO
Término de materia o nombre geográfico como elemento de entrada Antropología
9 (RLIN) 4499
650 #2 - ASIENTO SECUNDARIO DE MATERIA - TERMINO TEMATICO
Término de materia o nombre geográfico como elemento de entrada Realidad
9 (RLIN) 7272
650 #4 - ASIENTO SECUNDARIO DE MATERIA - TERMINO TEMATICO
Término de materia o nombre geográfico como elemento de entrada Sentidos y sensaciones
9 (RLIN) 6763
653 0# - TERMINO DE INDIZACION - NO CONTROLADO
Término no controlado Cine etnográfico
773 ## - ENLACE AL DOCUMENTO FUENTE/ENTRADA DE REGISTRO ANFITRIÓN
Parte(s) relacionada(s) Vol. 11, no. 26 (2014), p. 353-375
Título Andamios : revista de investigación social
Número Internacional Normalizado para Publicaciones Seriadas 2594-1917
856 4# - LOCALIZACIÓN Y ACCESO ELECTRÓNICOS
Identificador Uniforme del Recurso <a href="https://andamios.uacm.edu.mx/index.php/andamios/article/view/208">https://andamios.uacm.edu.mx/index.php/andamios/article/view/208</a>
856 4# - LOCALIZACIÓN Y ACCESO ELECTRÓNICOS
Identificador Uniforme del Recurso <a href="https://doi.org/10.29092/uacm.v11i26.208">https://doi.org/10.29092/uacm.v11i26.208</a>
902 ## - ELEMENTOS DE DATOS B LOCAL, LDB (RLIN)
Creó Gloria Jiménez/180625
905 ## - TIPO DE MATERIAL
Tipo de material Articulo
942 ## - ELEMENTOS DE PUNTO DE ACCESO ADICIONAL (KOHA)
Tipo de ítem Koha Artículo Electrónico
Holdings
Estado de retiro Estado de pérdida Estado dañado No para préstamo Código de colección Localización permanente Ubicación/localización actual Ubicación en estantería Fecha de adquisición Total de préstamos Fecha visto por última vez Identificador Uniforme del Recurso Precio válido a partir de Tipo de ítem Koha
        Acceso abierto Bib. Gregorio Torres Quintero Bib. Gregorio Torres Quintero En línea 18/06/2025   18/06/2025 https://doi.org/10.29092/uacm.v11i26.208 18/06/2025 Artículo Electrónico